Fr. Conceicao Rodrigues College of Engineering

Genetic Algorithms (Record no. 22048)

MARC details
000 -LEADER
fixed length control field 00289nam a2200133Ia 4500
100 ## - MAIN ENTRY--PERSONAL NAME
Personal name Goldberg/David.E.
245 ## - TITLE STATEMENT
Title Genetic Algorithms
260 ## - PUBLICATION, DISTRIBUTION, ETC.
Name of publisher, distributor, etc. Pearson Education.
Place of publication, distribution, etc. New Delhi.
366 ## - TRADE AVAILABILITY INFORMATION
Publishers's discount category 15
300 ## - PHYSICAL DESCRIPTION
Extent 412
546 ## - LANGUAGE NOTE
Language note ENGLISH
654 ## - SUBJECT ADDED ENTRY--FACETED TOPICAL TERMS
Focus term Algorithms-Genetic
942 ## - ADDED ENTRY ELEMENTS (KOHA)
Koha item type BOOK
Holdings
Withdrawn status Lost status Damaged status Not for loan Collection Home library Current library Shelving location Date acquired Source of acquisition Cost, normal purchase price Inventory number Total Checkouts Full call number Barcode Date last seen Cost, replacement price Price effective from Koha item type
        AFT Fr. Agnel's C.Rodrigues College of Engineering Fr. Agnel's C.Rodrigues College of Engineering   17/03/2023 Union book stall 233.75 1557/Dt.27/05/2005   AFT7880 17/03/2023 275.00   BOOK